| 000 | 00413nam a2200133Ia 4500 | ||
|---|---|---|---|
| 005 | 20260326235452.0 | ||
| 008 | 260326s9999||||xx |||||||||||||| ||und|| | ||
| 100 | _aNorwich, John Julius | ||
| 245 | 4 |
_aThe Great Architecture of the World : _b Illustrated History from Stonehenge to the twentieth Century / _cJohn Julius Norwich |
|
| 260 | _bBonanza Books | ||
| 300 | _a288 p. | ||
| 650 | _aARQUITECTURA | ||
| 942 | _cBK | ||
| 999 |
_c7821 _d7821 |
||